000 00628nam a22001937a 4500
999 _c170901
_d170901
005 20191230124706.0
010 _aB-77911
020 _c60.00
_a-
035 _aB-77911
037 _bBPPD
082 _a841.08
100 _aکبير ا حمد جا ءسی
245 _aحا فظ -شخص ا و ر شا عر
_cکبير ا حمد جا ءسی
246 _aHafiz -Shakhs Aur Shair (Urdu)
_bby Kabir Ahmed Jaisi
260 _a-
_c2001 ء
_bKhuda Bakhsh Library
270 _aKhuda Bakhsh Oriental Public Library ,
_bPatna
_k-
_e4
300 _a143 ص
_c22 cm(hb)
942 _2ddc
_cUR
_h841.08
_mح ا ف